000 01705nam0a2200337 4500
001 RU\NLR\BIBL_A\022458929
005 20250401152207.0
010 _a978-5-907839-39-7
_9100
021 _aRU
_bКН-П-24-082152
_9КН-П-24-8190
035 _a(NLR Aleph) 022458929
090 _a13362798
_c13362798
100 _a20250214d2024 u y0rusy50 ca
101 0 _arus
102 _aRU
105 _aa z 000yy
181 0 _ai
_baxxe
182 0 _an
200 1 _aДиагностическая карта физического развития дошкольников с задержкой психического развития от 3 до 8 лет
_eметодическое пособие для инструкторов по физической культуре ДОО
_fД. Р. Бикчинтаев
203 _aТекст
_bвизуальный
_cнепосредственный
210 _aКазань
_cИзд-во "Бук"
_d2024
215 _a21 с.
_cтабл.
_d29
606 1 _aПедагогическая диагностика
_xДошкольные учреждения
_jМетодические пособия
_2nlr_sh2
_2nlr_sh1
_3RU\NLR\AUTH\661534757
606 1 _aДошкольники
_xФизическое развитие
_xОценка при нарушениях психического развития
_jМетодические пособия
_2nlr_sh2
_3RU\NLR\AUTH\6601752447
686 1 _aР733.61-4я8
686 1 _aР128.93-3я8
686 1 _aЧ411.1в6я8
700 1 _aБикчинтаев
_bД. Р.
_gДамир Рафхатович
942 _cBOOK
980 _aNB